000 00585nam a22001817a 4500
005 20251108175007.0
008 250721s2011 xx 000 0 ara d
082 1 4 _a791.437/حدا
100 1 _aحداد، رانية عقلة يعقوب
_eمؤلف
245 1 0 _aشاشة الحلم والألم : أفلام سينمائية /
264 1 _aعمان :
_bأزمنة للنشر والتوزيع،
_c2011.
300 _a240ص.
490 0 _aدراسات
650 1 7 _aالافلام السينمائية
650 1 7 _aالنقد الفني
942 _2ddc
_cBK
999 _c123407
_d123407